TWICE songs A - Z - Statistics

General Stats
  • This quiz has been taken 129 times
  • The average score is 16 of 25
Answer Stats
Hint Answer % Correct
C Candy Boy | CHEER UP | Candy Pop | CHILLAX | Changing! | CRY FOR ME | Conversation | CRUEL | CACTUS | CANDY | Celebrate | CRAZY STUPID LOVE | Catch a Wave | CHESS (DAHYUN)
93%
S SIGNAL | SOMEONE LIKE ME | Say it again | SWEET TALKER | SAY YES | Shot thru the heart | STUCK | STAY BY MY SIDE | SAY YOU LOVE ME | SUNSET | STUCK IN MY HEAD | STRAWBERRY | Stronger | SWING | SHADOW | SWEET SUMMER DAY | SHOT CLOCK | SAY SOMETHING | Scorpion | Strawberry Moon | Scandal | SOS | SCIENTIST | Sandcastle | SET ME FREE | Strategy (feat. Megan Thee Stallion) | Sweetest Obsession | Strategy (from the Netflix film KPop Demon Hunters) | SEESAW | superstars (with saweetie) | STONE COLD (MINA)
92%
T Truth | Touchdown | Tuk Tok | TT | THREE TIMES A DAY | Turtle | The Best Thing I Ever Did | TURN IT UP | The Reason Why | TRICK IT | Thank you, Family | The Feels | TICK TOCK | That's all I'm saying | Talk that Talk | Trouble | The wish | TAKEDOWN (JEONGYEON, JIHYO, CHAEYOUNG) | THIS IS FOR | TALK (NAYEON, JIHYO)
90%
F Ffw | FANCY | Fake & True | Feel Special | FIREWORK | Fanfare | First Time | Four-leaf clover | F.I.L.A (Fall In Love Again) | Flow like waves | FOUR | FINE | FIX A DRINK (JEONGYEON)
89%
L Like Ooh-Ahh | Like A Fool | LUV ME | Likey | Look At Me | Love Line | L.O.V.E | LALALA | LOVE FOOLISH | LAST WALTZ | LOVE WARNING | Like It Like It | LET LOVE GO (JEONGYEON, MOMO, SANA, TZUYU) | Like 1 | Love is more
86%
M My Headphones On | Missing U | Merry & Happy | MORE & MORE | MAKE ME GO | MOONLIGHT | MOONLIGHT SUNRISE | Magical | MARS | ME+YOU | MEEEEEE (NAYEON) | MOVE LIKE THAT (MOMO)
86%
D Do It Again | Ding Dong | Don't Give Up | DEJAVU | Dance The Night Away | DON'T CALL ME AGAIN | DO WHAT WE LIKE | DEPEND ON YOU | Doughnut | Dance Again | DIVE | DAT AHH DAT OOH (SANA, JIHYO, DAHYUN, CHAEYOUNG, TZUYU) | DECAFFEINATED (SANA) | DIVE IN (TZUYU)
85%
W Woohoo | Wow | Wishing | Wake Me Up | What is Love? | What You Waiting For | Wonderful Day | When We Were Kids | WALLFLOWER | WE PRAY - TWICE Version
80%
A AFTER MOON | Alcohol-Free | ATM (JIHYO)
79%
B BDZ | BRAND NEW GIRL | Be as ONE | Breakthrough | Be OK | BRING IT BACK | BELIEVER | BEHIND THE MASK | BETTER | Baby Blue Love | Bitter Sweet | Basics | Brave | BLAME IT ON ME | BLOOM | Beyond the Horizon | BATTITUDE (NAYEON, JEONGYEON, MOMO, MINA) | Blind in love
76%
H HOLD ME TIGHT | Heart Shaker | HO! | HOT | HAPPY | How u doin' | HELL IN HEAVEN | HANDLE IT | HELLO (NAYEON, MOMO, CHAEYOUNG) | Hare Hare | Here I am | HI HELLO | HEARTBREAK AVENUE
76%
I Ice Cream | I WANT YOU BACK | I CAN'T STOP ME | I love you more than anyone | In the summer | ICON | I GOT YOU | Inside of me | IN MY ROOM (CHAEYOUNG)
75%
Q QUEEN | Queen of Hearts
72%
K Knock Knock | Kura Kura | Kiss My Troubles Away | Keeper
69%
Y You In My Heart | YES or YES | YOUNG & WILD | YOU GET ME
61%
Number 1 to 10 | 24/7 | 21:29 | 1,3,2 (JEONGYEON, MINA, TZUYU)
59%
O One In A Million | ONLY YOU | One More Time | OXYGEN | ONE SPARK | Ocean Deep | OPTIONS | One day
58%
P Precious Love | Ponytail | Pit-a-Pat | Pink Lemonade | POLISH | Perfect World | PIECES OF LOVE | PROMISE | PUSH & PULL (JIHYO, SANA, DAHYUN) | Peach Soda | PEACH GELATO
54%
G Going Crazy | GIRLS LIKE US | GET LOUD | GO HARD | Good At Love | Gone | GOT THE THRILLS | G.O.A.T (MINA, DAHYUN, CHAEYOUNG) | Glow
51%
R Rollin' | RAINBOW | REAL YOU | REWIND | RUSH | RIGHT HAND GIRL
49%
J Jelly Jelly | Jaljayo Good Night | Just be yourself
42%
E EYE EYE EYES | ESPRESSO | Echoes of heart | ENEMY
37%
N Next Page | NEW NEW
27%
U UP NO MORE | Up to you
21%
V Voices of Delight
11%
No matching quizzes found
Score Distribution
Percent of People with Each Score
Percentile by Number Answered
Your Score History
You have not taken this quiz